<?xml version="1.0" encoding="UTF-8"?><?xml-stylesheet type="text/xsl" href="static/style.xsl"?><OAI-PMH xmlns="http://www.openarchives.org/OAI/2.0/" xmlns:xsi="http://www.w3.org/2001/XMLSchema-instance" xsi:schemaLocation="http://www.openarchives.org/OAI/2.0/ http://www.openarchives.org/OAI/2.0/OAI-PMH.xsd"><responseDate>2026-06-07T17:25:49Z</responseDate><request verb="GetRecord" identifier="oai:docta.ucm.es:20.500.14352/119414" metadataPrefix="marc">https://docta.ucm.es/rest/oai/request</request><GetRecord><record><header><identifier>oai:docta.ucm.es:20.500.14352/119414</identifier><datestamp>2025-04-09T00:12:09Z</datestamp><setSpec>com_20.500.14352_11</setSpec><setSpec>col_20.500.14352_12</setSpec></header><metadata><record xmlns="http://www.loc.gov/MARC21/slim" xmlns:dcterms="http://purl.org/dc/terms/" xmlns:xsi="http://www.w3.org/2001/XMLSchema-instance" xmlns:doc="http://www.lyncode.com/xoai" xsi:schemaLocation="http://www.loc.gov/MARC21/slim http://www.loc.gov/standards/marcxml/schema/MARC21slim.xsd">
   <leader>00925njm 22002777a 4500</leader>
   <datafield ind2=" " ind1=" " tag="042">
      <subfield code="a">dc</subfield>
   </datafield>
   <datafield ind2=" " ind1=" " tag="720">
      <subfield code="a">Jorge Garcia Reyes, Francisco Javier</subfield>
      <subfield code="e">author</subfield>
   </datafield>
   <datafield ind2=" " ind1=" " tag="260">
      <subfield code="c">1996</subfield>
   </datafield>
   <datafield ind2=" " ind1=" " tag="520">
      <subfield code="a">Una vez aprobadas (6-11-1996) por el Claustro Universitario las líneas estratégicas relativas a la Biblioteca en el proyecto de Libro Blanco de la Universidad Complutense, (Lineas estratégicas de Docencia e Investigación III,8; III,9 y III, 10), la Biblioteca Universitaria debe realizar los estudios correspondientes y el establecimiento de políticas de actuación en los servicios bibliotecarios que desarrollen los objetivos estratégicos contenidos en ellas.

El presente análisis estratégico aplicado a la Biblioteca de la Facultad de Geografía e Historia pretende ser una herramienta de gestión que ayude en la planificación de las actuaciones que cada equipo de dirección de biblioteca de Facultad lleve a efecto. La mejora de los servicios públicos, la búsqueda de la excelencia, y la mejora de la calidad en la atención a los usuarios pasan necesariamente por el análisis de las técnicas de gestión y los procedimientos de ejecución.</subfield>
   </datafield>
   <datafield ind1="8" ind2=" " tag="024">
      <subfield code="a">https://hdl.handle.net/20.500.14352/119414</subfield>
   </datafield>
   <datafield ind2="0" ind1="0" tag="245">
      <subfield code="a">La Biblioteca de Humanidades de la Facultad de Geografía e Historia de la UCM:   Planificación estratégica de una Biblioteca de Facultad</subfield>
   </datafield>
</record></metadata></record></GetRecord></OAI-PMH>